LEADER 01309nam a2200313 u 4500 001 000000034255 003 CaOOAMICUS 005 20070226112443.0 008 971127s1995 it u000 u ita u 020 $a8839903836 035 $a10777512 040 $aPUL$bita$dMSA 100 1 $aGallas, Alberto.$0(OLS)http://pul/name/10787 245 10$aAnthropos téleios :$bl'itinerario di Bonhoeffer nel conflitto tra cristianesimo e modernità /$cAlberto Gallas. 260 $aBrescia :$bQueriniana,$c1995. 300 $a504 p. ;$c23 cm 490 1 $aBiblioteca di teologia contemporanea ;$v83 500 $aComprende indici 504 $aBibliografia: p. 475-491. 600 14$aBonhoeffer, Dietrich,$d1906-1945.$0(OLS)http://pul/subject/2560 830 0$aBiblioteca di teologia contemporanea ;$v83.$0(OLS)http://pul/title/7472 850 $aPUL 852 $aPUL$W1$xSL Religione 3$y85$m200 BTC 1.83$j46981$nBK-PRI$b $qDDC 21$B46981$CPULBib$Z2$F46981 $82 941 1 $a9 961 $aINV: 74253 -- ordinario 983 0$aBTC. 996 $6020$a8839903836$9(OLS)http://pul/number/42976 996 $6245$aAnthropos téleios :$bl'itinerario di Bonhoeffer nel conflitto tra cristianesimo e modernità$9(OLS)http://pul/title/47187 996 $6260$aBrescia :$bQueriniana$9(OLS)http://pul/publisher/47906 LEADER 01236nam a2200313 a 4500 001 000000146231 003 CaOOAMICUS 005 20151005110500.0 008 151005s2011 it u000 u ita r 020 $a978-88-350-2810-9 040 $aPUL$bita 082 04$a195 100 1 $aPareyson, Luigi,$d1918-1991.$0(OLS)http://pul/name/5784 245 10$aPersona e libertà /$cLuigi Pareyson ; a cura di Giuseppe Riconda. 260 $aBrescia :$bLa Scuola,$c©2011. 300 $a167 p. ;$c20 cm 490 1 $aMaestri ;$v16 504 $aBibliografia in nota. 600 14$aPareyson, Luigi,$d1918-1991$xFilosofia.$0(OLS)http://pul/subject/35227 700 1 $aRiconda, Giuseppe.$0(OLS)http://pul/name/11993 830 0$aMaestri (La Scuola) ;$v16.$0(OLS)http://pul/title/160187 850 $aPUL 852 $aPUL$W1$xSL Filosofia 3$y81$m195 PARLU 1$j169113$qDDC 21$B169896$CPULBib$Z2$F169896 $H126274 $82 941 1 $a9 996 $6020$a978-88-350-2810-9$9(OLS)http://pul/number/158814 996 $6082$a195$9(OLS)http://pul/classification/342 996 $6245$aPersona e libertà$9(OLS)http://pul/title/184872 996 $6260$aBrescia :$bLa Scuola$9(OLS)http://pul/publisher/48404